[Event "AUT-ch U14"]
[Site "St Veit"]
[Date "2023.06.10"]
[Round "6"]
[White "Guba, Viktor"]
[Black "Roessler, Felix"]
[Result "1/2-1/2"]
[WhiteElo "1822"]
[BlackElo "1562"]
[PlyCount "128"]
[EventDate "2023.06.08"]
[EventType "swiss"]
[EventRounds "7"]
[EventCountry "AUT"]
[SourceTitle "EXT 2024"]
[Source "ChessBase"]
[SourceDate "2023.10.10"]
[SourceVersion "1"]
[SourceVersionDate "2023.10.10"]
[SourceQuality "1"]

1. e4 e5 2. Nf3 Nc6 3. Nc3 Nf6 4. a3 Bc5 5. Nxe5 Nxe5 6. d4 Bxd4 7. Qxd4 Nc6 8. Qd1 d6 9. Be2 0-0 10. 0-0 Re8 11. f3 Be6 12. Nd5 Bxd5 13. exd5 Nxd5 14. Ba6 Nc3 15. Qd2 Ne4 16. fxe4 bxa6 17. Qd5 Ne5 18. Bf4 c6 19. Qa2 Ng4 20. Bg3 Nf6 21. Rad1 Qb6+ 22. Kh1 d5 23. exd5 Nxd5 24. Bf2 Qb7 25. Qc4 Qb5 26. Qg4 Nf6 27. Qd4 Re4 28. Qd6 Re6 29. Qd4 Rae8 30. c4 Qh5 31. h3 Ne4 32. Rde1 Nxf2+ 33. Qxf2 Qg6 34. Rxe6 Qxe6 35. b3 Qe7 36. Qf3 c5 37. Qd5 Qc7 38. Kg1 Kf8 39. Rf5 Re3 40. b4 g6 41. Qxc5+ Qxc5 42. Rxc5 Rxa3 43. Rc7 Ra4 44. Rxa7 Rxb4 45. Rxa6 Rxc4 46. Kf2 Kg7 47. Kg3 g5 48. Rb6 f6 49. Kf3 Rc3+ 50. Kf2 h5 51. Rb5 Kg6 52. Rb4 Rd3 53. Ra4 Rb3 54. Ke2 Kf5 55. Kf2 g4 56. Ra5+ Kg6 57. h4 g3+ 58. Ke2 Rb4 59. Kf3 Rxh4 60. Kxg3 Rg4+ 61. Kf3 Rg5 62. Ra8 Rb5 63. Kg3 Rg5+ 64. Kf3 Rf5+ 1/2-1/2

[Event "AUT-ch U14"]
[Site "St Veit"]
[Date "2022.04.10"]
[Round "1"]
[White "Roessler, Felix"]
[Black "Nguyen, Le Minh Phu"]
[Result "0-1"]
[WhiteElo "1559"]
[BlackElo "2066"]
[PlyCount "62"]
[EventDate "2022.04.10"]
[EventType "swiss"]
[EventRounds "7"]
[EventCountry "AUT"]
[SourceTitle "EXT 2023"]
[Source "ChessBase"]
[SourceDate "2022.10.05"]
[SourceVersion "1"]
[SourceVersionDate "2022.10.05"]
[SourceQuality "1"]

1. d4 Nf6 2. c4 e6 3. Nc3 Bb4 4. Nf3 b6 5. e3 Bb7 6. Bd3 Ne4 7. Qc2 f5 8. 0-0 Bxc3 9. bxc3 0-0 10. Nd2 Nxd2 11. Bxd2 d6 12. Rfe1 Qh4 13. Re2 Nd7 14. f4 Nf6 15. Rf1 c5 16. Be1 Qh5 17. h3 Ne4 18. Bxe4 Bxe4 19. Qd2 d5 20. cxd5 exd5 21. Bg3 c4 22. Ra1 Rf6 23. Kh2 Re8 24. Rf2 Ree6 25. Rg1 Rh6 26. Qe2 Qe8 27. Qd2 Qe7 28. Re1 Reg6 29. Rg1 Rxg3 30. Kxg3 Qh4+ 31. Kh2 Bxg2 0-1

[Event "AUT-ch U12 Online Rapid"]
[Site "Playchess.com INT"]
[Date "2020.12.13"]
[Round "6"]
[White "Roessler, Felix"]
[Black "Burgstaller, Bastian"]
[Result "1-0"]
[WhiteElo "1313"]
[BlackElo "1368"]
[PlyCount "123"]
[EventDate "2020.12.13"]
[EventType "swiss (rapid)"]
[EventRounds "7"]
[EventCountry "AUT"]
[SourceTitle "EXT 2022"]
[Source "ChessBase"]
[SourceDate "2021.10.06"]
[SourceVersion "1"]
[SourceVersionDate "2021.10.06"]
[SourceQuality "1"]

1. e4 e5 2. Nf3 Nc6 3. Bc4 Nf6 4. Ng5 d5 5. exd5 Na5 6. Bb3 Nxb3 7. axb3 Qxd5 8. 0-0 Be7 9. Nc3 Qc6 10. d3 0-0 11. Re1 Bd6 12. Nf3 Bg4 13. Bg5 Bxf3 14. Qxf3 Qxf3 15. gxf3 Nd7 16. Kh1 h6 17. Be3 Rfe8 18. Rg1 Kh8 19. Rg2 Rg8 20. Rxa7 Rxa7 21. Bxa7 b6 22. Nb5 Ra8 23. Rg4 g5 24. Rc4 Kg8 25. Nxd6 Rxa7 26. Nb5 Ra1+ 27. Kg2 Nc5 28. Nxc7 Rb1 29. Nd5 Rxb2 30. Nxb6 Ne6 31. Nd5 Kg7 32. Nc7 Nf4+ 33. Kg3 Rb1 34. Rxf4 exf4+ 35. Kg4 Kg6 36. Nd5 Rc1 37. c3 Rd1 38. d4 Rh1 39. Nxf4+ gxf4 40. Kxf4 Ra1 41. Ke5 Ra3 42. c4 Rxb3 43. c5 Rb8 44. c6 f6+ 45. Ke6 Rb6 46. d5 Rb8 47. d6 Re8+ 48. Kd5 Re5+ 49. Kd4 Re8 50. d7 Rd8 51. Kc5 Kf7 52. Kd6 f5 53. c7 Ra8 54. d8Q Rxd8+ 55. cxd8Q Kg6 56. Qf8 Kh7 57. Qxf5+ Kh8 58. Qd7 h5 59. Ke6 h4 60. Kf6 h3 61. Kg6 Kg8 62. Qe8# 1-0

[Event "AUT-ch U12 Online Rapid"]
[Site "Playchess.com INT"]
[Date "2020.12.13"]
[Round "3"]
[White "Roessler, Felix"]
[Black "Pavlov, Alexander1111"]
[Result "0-1"]
[WhiteElo "1373"]
[BlackElo "1448"]
[PlyCount "54"]
[EventDate "2020.12.13"]
[EventType "swiss (rapid)"]
[EventRounds "7"]
[EventCountry "AUT"]
[SourceTitle "EXT 2022"]
[Source "ChessBase"]
[SourceDate "2021.10.06"]
[SourceVersion "1"]
[SourceVersionDate "2021.10.06"]
[SourceQuality "1"]

1. e4 e5 2. Nf3 Nc6 3. d4 exd4 4. Nxd4 Nf6 5. Nc3 Bb4 6. Bd3 Nxd4 7. Bg5 h6 8. Bh4 g5 9. Bg3 Bxc3+ 10. bxc3 Nc6 11. Bb5 Nxe4 12. Bxc6 bxc6 13. Qd4 Nf6 14. Be5 c5 15. Bxf6 cxd4 16. Bxd8 Kxd8 17. cxd4 Re8+ 18. Kd2 Ba6 19. Rhe1 Rxe1 20. Rxe1 d6 21. Kc3 Kd7 22. d5 Re8 23. Rb1 Kc8 24. Kd2 Re2+ 25. Kc3 Rxf2 26. a4 Rxg2 27. Rf1 Bxf1 0-1

[Event "Wroclaw op"]
[Site "Wroclaw"]
[Date "2020.08.04"]
[Round "5"]
[White "Peglau, Dora"]
[Black "Roessler, Felix"]
[Result "1-0"]
[WhiteElo "1721"]
[BlackElo "1902"]
[PlyCount "61"]
[EventDate "2020.08.01"]
[EventType "swiss"]
[EventRounds "9"]
[EventCountry "POL"]
[SourceTitle "CBM 197 Extra"]
[Source "ChessBase"]
[SourceDate "2020.09.30"]
[SourceVersion "1"]
[SourceVersionDate "2020.09.30"]
[SourceQuality "1"]

1. e4 g6 2. d4 Bg7 3. c4 d6 4. Nc3 c6 5. Be3 f5 6. f3 Nf6 7. e5 dxe5 8. dxe5 Nfd7 9. f4 Na6 10. Nf3 0-0 11. Be2 Qc7 12. 0-0 Ndc5 13. a3 Be6 14. b4 Ne4 15. Nxe4 fxe4 16. Ng5 Bf5 17. c5 h6 18. Qb3+ Kh8 19. Ne6 Bxe6 20. Qxe6 Kh7 21. Rad1 Rad8 22. Rxd8 Rxd8 23. f5 gxf5 24. Qxf5+ Kh8 25. Qg6 Qxe5 26. Bxh6 Bf6 27. Be3 Bg7 28. Rf5 Qa1+ 29. Kf2 Rd5 30. Rh5+ Rxh5 31. Qxh5+ 1-0

[Event "Wroclaw op"]
[Site "Wroclaw"]
[Date "2020.08.03"]
[Round "4"]
[White "Roessler, Felix"]
[Black "Borowski, Przemyslaw"]
[Result "0-1"]
[WhiteElo "1902"]
[BlackElo "1790"]
[PlyCount "56"]
[EventDate "2020.08.01"]
[EventType "swiss"]
[EventRounds "9"]
[EventCountry "POL"]
[SourceTitle "CBM 197 Extra"]
[Source "ChessBase"]
[SourceDate "2020.09.30"]
[SourceVersion "1"]
[SourceVersionDate "2020.09.30"]
[SourceQuality "1"]

1. f4 d5 2. Nf3 c5 3. g3 g6 4. Bg2 Bg7 5. d3 Nc6 6. 0-0 Qb6 7. c3 Nf6 8. h3 0-0 9. Kh2 d4 10. c4 Bd7 11. Nbd2 e5 12. Ne4 Nxe4 13. dxe4 Rae8 14. Ne1 f5 15. exf5 exf4 16. Bd5+ Kh8 17. Rxf4 Bxf5 18. Nd3 Ne5 19. b3 Qc7 20. Rf2 Qc8 21. Bf4 Bxh3 22. Nxe5 Rxe5 23. Qg1 Rh5 24. Qe1 Be6+ 25. Kg2 Bxd5+ 26. cxd5 Qh3+ 27. Kf3 Rxf4+ 28. Kxf4 Qf5# 0-1

[Event "AUT-ch U10"]
[Site "St Kanzian"]
[Date "2019.06.22"]
[Round "5"]
[White "Roessler, Felix"]
[Black "Tolstykh, Makarius"]
[Result "0-1"]
[WhiteElo "1113"]
[BlackElo "1061"]
[PlyCount "88"]
[EventDate "2019.06.21"]
[EventType "swiss"]
[EventRounds "7"]
[EventCountry "AUT"]
[SourceTitle "CBM 191 Extra"]
[Source "ChessBase"]
[SourceDate "2019.09.30"]
[SourceVersion "1"]
[SourceVersionDate "2019.09.30"]
[SourceQuality "1"]

1. e4 c6 2. d4 d5 3. Nc3 dxe4 4. Nxe4 Bf5 5. Ng3 Bg6 6. Bc4 Nd7 7. Be3 Ngf6 8. Nf3 Qc7 9. 0-0 0-0-0 10. Qe2 e5 11. dxe5 Nxe5 12. Bf4 Nxf3+ 13. Qxf3 Bd6 14. Bxd6 Qxd6 15. Nf5 Qc5 16. Bd3 Rxd3 17. cxd3 Qxf5 18. Qxf5+ Bxf5 19. Rad1 Rd8 20. d4 Bc2 21. Rd2 Be4 22. Re1 c5 23. Red1 cxd4 24. Rxd4 Rxd4 25. Rxd4 Bd5 26. a3 Kc7 27. h3 Kc6 28. b4 Ne4 29. f3 Nc3 30. Kf2 Nb1 31. Rd3 Bc4 32. Re3 Nd2 33. Ke1 Nb3 34. Rc3 Kd5 35. Kd1 Kd4 36. Kc2 Na1+ 37. Kb2 b5 38. Rxc4+ bxc4 39. Kxa1 Kc3 40. Kb1 Kb3 41. b5 Kxa3 42. Kc2 Kb4 43. g4 Kxb5 44. f4 a5 0-1

[Event "AUT-ch U10"]
[Site "St Kanzian"]
[Date "2019.06.21"]
[Round "2"]
[White "Geworgyan, Derenick"]
[Black "Roessler, Felix"]
[Result "0-1"]
[WhiteElo "1001"]
[BlackElo "1113"]
[PlyCount "44"]
[EventDate "2019.06.21"]
[EventType "swiss"]
[EventRounds "7"]
[EventCountry "AUT"]
[SourceTitle "CBM 191 Extra"]
[Source "ChessBase"]
[SourceDate "2019.09.30"]
[SourceVersion "1"]
[SourceVersionDate "2019.09.30"]
[SourceQuality "1"]

1. e4 e5 2. Nf3 Nc6 3. Bb5 Nf6 4. Nc3 Bd6 5. Bxc6 bxc6 6. d4 exd4 7. Nxd4 Ba6 8. Bg5 0-0 9. Qf3 Be5 10. Bxf6 Qxf6 11. Qxf6 Bxf6 12. Nf5 Rfe8 13. 0-0-0 Rad8 14. f3 Bc4 15. Ne3 Bg5 16. Rhe1 d5 17. exd5 Bxe3+ 18. Kb1 cxd5 19. b3 d4 20. bxc4 dxc3 21. Rxd8 Rxd8 22. Rxe3 Rd1# 0-1

[Event "Styrian op U08/12 25th"]
[Site "Mureck"]
[Date "2018.08.01"]
[Round "1"]
[White "Roessler, Felix"]
[Black "Strobl, Philipp"]
[Result "1-0"]
[WhiteElo "1118"]
[BlackElo "860"]
[PlyCount "86"]
[EventDate "2018.08.01"]
[EventType "swiss"]
[EventRounds "9"]
[EventCountry "AUT"]
[SourceTitle "CBM 186 Extra"]
[Source "ChessBase"]
[SourceDate "2018.08.24"]
[SourceVersion "1"]
[SourceVersionDate "2018.08.24"]
[SourceQuality "1"]

1. e4 c5 2. Nf3 d6 3. d4 cxd4 4. Nxd4 Bd7 5. Nc3 Nc6 6. Nb3 g6 7. Bc4 Nf6 8. 0-0 Bg7 9. Bf4 e5 10. Bg5 0-0 11. Qxd6 Qe7 12. Rad1 Qxd6 13. Rxd6 Rad8 14. Bxf6 Bxf6 15. Rxf6 Nd4 16. Nxd4 exd4 17. Rxf7 Rxf7 18. Bxf7+ Kxf7 19. Ne2 Bb5 20. Re1 d3 21. cxd3 Bxd3 22. Rd1 Ke7 23. Nc3 Bc4 24. Rxd8 Kxd8 25. f4 Kc7 26. f5 gxf5 27. exf5 Kc6 28. g4 b5 29. b3 Kc5 30. bxc4 bxc4 31. f6 Kd4 32. f7 Kxc3 33. f8Q Kc2 34. Qf2+ Kc1 35. Qe2 c3 36. Kf1 c2 37. Qd3 Kb1 38. Qb3+ Kc1 39. Ke1 h5 40. Qc3 Kb1 41. Kd2 h4 42. Qxc2+ Ka1 43. Kc1 a5 1-0

[Event "AUT-ch U08"]
[Site "St Kanzian"]
[Date "2017.06.17"]
[Round "4.7"]
[White "Muehlberger, Florian"]
[Black "Roessler, Felix"]
[Result "0-1"]
[WhiteElo "800"]
[BlackElo "891"]
[PlyCount "48"]
[EventDate "2017.06.16"]
[EventType "swiss"]
[EventRounds "7"]
[EventCountry "AUT"]
[SourceTitle "EXT 2024"]
[Source "ChessBase"]
[SourceDate "2023.10.10"]
[SourceVersion "1"]
[SourceVersionDate "2023.10.10"]
[SourceQuality "1"]

1. e4 c5 2. Nf3 Nc6 3. Bc4 e5 4. Ng5 Qxg5 5. d3 Qxg2 6. Kd2 Nf6 7. Rg1 Qxf2+ 8. Kc3 Qxh2 9. Qd2 Qxg1 10. d4 exd4+ 11. Kb3 Na5+ 12. Qxa5 Qxc1 13. Qd2 Qh1 14. Ka3 Nxe4 15. Qd3 Bd6 16. Bb3 c4+ 17. Ka4 cxd3 18. cxd3 Nd2 19. Bd5 Qf1 20. Nxd2 Qxa1 21. Nb3 Qxa2+ 22. Kb5 a6+ 23. Kb6 a5 24. Nxa5 Qxa5# 0-1

[Event "AUT-ch U08"]
[Site "St Kanzian"]
[Date "2017.06.16"]
[Round "3.4"]
[White "Roessler, Felix"]
[Black "Guba, Viktor"]
[Result "0-1"]
[WhiteElo "891"]
[BlackElo "1498"]
[PlyCount "50"]
[EventDate "2017.06.16"]
[EventType "swiss"]
[EventRounds "7"]
[EventCountry "AUT"]
[SourceTitle "EXT 2024"]
[Source "ChessBase"]
[SourceDate "2023.10.10"]
[SourceVersion "1"]
[SourceVersionDate "2023.10.10"]
[SourceQuality "1"]

1. e4 e5 2. Nf3 Nc6 3. d4 exd4 4. Nxd4 Nf6 5. Nc3 Bb4 6. Bd3 Nxd4 7. 0-0 Bxc3 8. bxc3 Nc6 9. Re1 0-0 10. Ba3 d6 11. e5 Nxe5 12. f4 Nc6 13. c4 Bg4 14. Be2 Bxe2 15. Rxe2 Qd7 16. Bb2 Qf5 17. Rf2 Rfe8 18. h3 Ne4 19. Qd3 Qc5 20. Kh2 Qxf2 21. Rf1 Qb6 22. Re1 Qxb2 23. Rxe4 Rxe4 24. Qxe4 Qd4 25. Qf5 Qxc4 0-1